<?xml version="1.0" encoding="UTF-8"?><?xml-stylesheet type="text/xsl" href="static/style.xsl"?><OAI-PMH xmlns="http://www.openarchives.org/OAI/2.0/" xmlns:xsi="http://www.w3.org/2001/XMLSchema-instance" xsi:schemaLocation="http://www.openarchives.org/OAI/2.0/ http://www.openarchives.org/OAI/2.0/OAI-PMH.xsd"><responseDate>2026-04-13T00:01:37Z</responseDate><request verb="GetRecord" identifier="oai:www.recercat.cat:11351/12752" metadataPrefix="marc">https://recercat.cat/oai/request</request><GetRecord><record><header><identifier>oai:recercat.cat:11351/12752</identifier><datestamp>2026-04-01T11:56:39Z</datestamp><setSpec>com_2072_378066</setSpec><setSpec>com_2072_378040</setSpec><setSpec>col_2072_378087</setSpec></header><metadata><record xmlns="http://www.loc.gov/MARC21/slim" xmlns:dcterms="http://purl.org/dc/terms/" xmlns:xsi="http://www.w3.org/2001/XMLSchema-instance" xmlns:doc="http://www.lyncode.com/xoai" xsi:schemaLocation="http://www.loc.gov/MARC21/slim http://www.loc.gov/standards/marcxml/schema/MARC21slim.xsd">
   <leader>00925njm 22002777a 4500</leader>
   <datafield ind2=" " ind1=" " tag="042">
      <subfield code="a">dc</subfield>
   </datafield>
   <datafield ind2=" " ind1=" " tag="720">
      <subfield code="a">Godo-Pla, Anna</subfield>
      <subfield code="e">author</subfield>
   </datafield>
   <datafield ind2=" " ind1=" " tag="720">
      <subfield code="a">Moreno, Mireia</subfield>
      <subfield code="e">author</subfield>
   </datafield>
   <datafield ind2=" " ind1=" " tag="720">
      <subfield code="a">Prieto-Duran, Ivan</subfield>
      <subfield code="e">author</subfield>
   </datafield>
   <datafield ind2=" " ind1=" " tag="720">
      <subfield code="a">Torres-Pagès, Guillem</subfield>
      <subfield code="e">author</subfield>
   </datafield>
   <datafield ind2=" " ind1=" " tag="720">
      <subfield code="a">Estrada-Sabadell, Maria-Dolors</subfield>
      <subfield code="e">author</subfield>
   </datafield>
   <datafield ind2=" " ind1=" " tag="720">
      <subfield code="a">Vivanco-Hidalgo, Rosa Maria</subfield>
      <subfield code="e">author</subfield>
   </datafield>
   <datafield ind2=" " ind1=" " tag="260">
      <subfield code="c">2025-03-12T08:35:16Z</subfield>
   </datafield>
   <datafield ind2=" " ind1=" " tag="260">
      <subfield code="c">2025-03-12T08:35:16Z</subfield>
   </datafield>
   <datafield ind2=" " ind1=" " tag="260">
      <subfield code="c">2024-10</subfield>
   </datafield>
   <datafield ind2=" " ind1=" " tag="520">
      <subfield code="a">Farmacogenètica; Al·lopurinol; Omeprazol; Carbamazepina; Simvastatina</subfield>
   </datafield>
   <datafield ind2=" " ind1=" " tag="520">
      <subfield code="a">Farmacogenética; Alopurinol; Omeprazol; Carbamazepina; Simvastatina</subfield>
   </datafield>
   <datafield ind2=" " ind1=" " tag="520">
      <subfield code="a">Pharmacogenetics; Allopurinol; Omeprazole; Carbamazepine; Simvastatin</subfield>
   </datafield>
   <datafield ind2=" " ind1=" " tag="520">
      <subfield code="a">El document analitza l'impacte clínic, econòmic i assistencial de la farmacogenètica en la prescripció de quatre fàrmacs: al·lopurinol, omeprazol, carbamazepina i simvastatina. Avalua el genotipatge de diversos gens (com HLA-B, CYP2C19 i SLCO1B1) per determinar riscos de reaccions adverses i millorar l'eficàcia dels tractaments. També estudia la seva viabilitat econòmica i la implementació en el sistema sanitari, destacant la necessitat de formació professional i eines de suport a la decisió clínica.</subfield>
   </datafield>
   <datafield ind2=" " ind1=" " tag="520">
      <subfield code="a">El documento analiza el impacto clínico, económico y asistencial de la farmacogenética en la prescripción de cuatro fármacos: alopurinol, omeprazol, carbamazepina y simvastatina. Evalúa el genotipado de diversos genes (como HLA-B, CYP2C19 y SLCO1B1) para determinar riesgos de reacciones adversas y mejorar la eficacia de los tratamientos. También estudia su viabilidad económica y la implementación en el sistema sanitario, destacando la necesidad de formación profesional y herramientas de apoyo a la decisión clínica.</subfield>
   </datafield>
   <datafield ind2=" " ind1=" " tag="520">
      <subfield code="a">The document analyzes the clinical, economic, and healthcare impact of pharmacogenetics in the prescription of four drugs: allopurinol, omeprazole, carbamazepine, and simvastatin. It evaluates the genotyping of various genes (such as HLA-B, CYP2C19, and SLCO1B1) to assess the risk of adverse reactions and improve treatment efficacy. It also examines its economic feasibility and implementation in the healthcare system, emphasizing the need for professional training and clinical decision-support tools.</subfield>
   </datafield>
   <datafield tag="653" ind2=" " ind1=" ">
      <subfield code="a">Farmacogenètica - Prescripció</subfield>
   </datafield>
   <datafield tag="653" ind2=" " ind1=" ">
      <subfield code="a">Al·lopurinol</subfield>
   </datafield>
   <datafield tag="653" ind2=" " ind1=" ">
      <subfield code="a">Omeprazol</subfield>
   </datafield>
   <datafield tag="653" ind2=" " ind1=" ">
      <subfield code="a">Carbamazepina</subfield>
   </datafield>
   <datafield tag="653" ind2=" " ind1=" ">
      <subfield code="a">DISCIPLINES AND OCCUPATIONS::Natural Science Disciplines::Biological Science Disciplines::Biology::Genetics::Pharmacogenetics</subfield>
   </datafield>
   <datafield tag="653" ind2=" " ind1=" ">
      <subfield code="a">HEALTH CARE::Health Care Facilities, Manpower, and Services::Health Services::Pharmaceutical Services::Prescriptions::Drug Prescriptions</subfield>
   </datafield>
   <datafield tag="653" ind2=" " ind1=" ">
      <subfield code="a">CHEMICALS AND DRUGS::Heterocyclic Compounds::Heterocyclic Compounds, Fused-Ring::Heterocyclic Compounds, 2-Ring::Purines::Allopurinol</subfield>
   </datafield>
   <datafield tag="653" ind2=" " ind1=" ">
      <subfield code="a">CHEMICALS AND DRUGS::Organic Chemicals::Sulfur Compounds::Sulfoxides::2-Pyridinylmethylsulfinylbenzimidazoles::Omeprazole</subfield>
   </datafield>
   <datafield tag="653" ind2=" " ind1=" ">
      <subfield code="a">CHEMICALS AND DRUGS::Heterocyclic Compounds::Heterocyclic Compounds, Fused-Ring::Heterocyclic Compounds, 3-Ring::Dibenzazepines::Carbamazepine</subfield>
   </datafield>
   <datafield tag="653" ind2=" " ind1=" ">
      <subfield code="a">CHEMICALS AND DRUGS::Organic Chemicals::Hydrocarbons::Hydrocarbons, Cyclic::Hydrocarbons, Aromatic::Polycyclic Aromatic Hydrocarbons::Naphthalenes::Lovastatin::Simvastatin</subfield>
   </datafield>
   <datafield tag="653" ind2=" " ind1=" ">
      <subfield code="a">DISCIPLINAS Y OCUPACIONES::disciplinas de las ciencias naturales::disciplinas de las ciencias biológicas::biología::genética::farmacogenética</subfield>
   </datafield>
   <datafield tag="653" ind2=" " ind1=" ">
      <subfield code="a">ATENCIÓN DE SALUD::instalaciones, servicios y personal de asistencia sanitaria::servicios de salud::servicios farmacéuticos::prescripciones::prescripciones de medicamentos</subfield>
   </datafield>
   <datafield tag="653" ind2=" " ind1=" ">
      <subfield code="a">COMPUESTOS QUÍMICOS Y DROGAS::compuestos heterocíclicos::compuestos heterocíclicos con anillos de fusión::compuestos heterocíclicos de 2 anillos::purinas::alopurinol</subfield>
   </datafield>
   <datafield tag="653" ind2=" " ind1=" ">
      <subfield code="a">COMPUESTOS QUÍMICOS Y DROGAS::compuestos orgánicos::compuestos de azufre::sulfóxidos::2-piridinilmetilsulfinilbencimidazoles::omeprazol</subfield>
   </datafield>
   <datafield tag="653" ind2=" " ind1=" ">
      <subfield code="a">COMPUESTOS QUÍMICOS Y DROGAS::compuestos heterocíclicos::compuestos heterocíclicos con anillos de fusión::compuestos heterocíclicos de 3 anillos::dibenzacepinas::carbamazepina</subfield>
   </datafield>
   <datafield tag="653" ind2=" " ind1=" ">
      <subfield code="a">COMPUESTOS QUÍMICOS Y DROGAS::compuestos orgánicos::hidrocarburos::hidrocarburos cíclicos::hidrocarburos aromáticos::hidrocarburos aromáticos policíclicos::naftalenos::lovastatina::simvastatina</subfield>
   </datafield>
   <datafield ind2="0" ind1="0" tag="245">
      <subfield code="a">Farmacogenètica en àmbit de prescripció general: al·lopurinol, omeprazol, carbamazepina i simvastatina: impacte clínic, econòmic i assistencial</subfield>
   </datafield>
</record></metadata></record></GetRecord></OAI-PMH>